书目信息 |
| 题名: |
安全生产专业实务
|
|
| 作者: | 张美香 主编 ;全国中级注册安全工程师职业资格考试用书编写组 编 | |
| 分册: | 道路运输安全技术 | |
| 出版信息: | 北京 中国市场出版社 2018.11 |
|
| 页数: | 330页 | |
| 开本: | 26cm | |
| 丛书名: | 全国中级注册安全工程师职业资格考试精品教材 | |
| 单 册: | ||
| 中图分类: | X931 , U492.8 | |
| 科图分类: | ||
| 主题词: | 安全生产--an quan sheng chan--资格考试--教材 , 公路运输--gong lu yun shu--交通运输安全--安全生产--资格考试--教材 | |
| 电子资源: | ||
| ISBN: | 978-7-5092-1691-0 | |
| 000 | 01534nam 2200301 450 | |
| 001 | 0100010080 | |
| 005 | 20190905093950.0 | |
| 010 | @a978-7-5092-1691-0@dCNY70.00 | |
| 100 | @a20190831d2018 em y0chiy50 ea | |
| 101 | 0 | @achi |
| 102 | @aCN@b110000 | |
| 105 | @aak z 000yy | |
| 106 | @ar | |
| 200 | 1 | @a安全生产专业实务@Aan quan sheng chan zhuan ye shi wu@i道路运输安全技术@f全国中级注册安全工程师职业资格考试用书编写组编@g主编张美香 |
| 210 | @a北京@c中国市场出版社@d2018.11 | |
| 215 | @a330页@c图@d26cm | |
| 225 | 2 | @a全国中级注册安全工程师职业资格考试精品教材@Aquan guo zhong ji zhu ce an quan gong cheng shi zhi ye zi ge kao shi jing pin jiao cai |
| 330 | @a本书为全国中级注册安全工程师职业资格考试的必考科目《安全生产专业实务 —— 道路运输安全技术》的考试辅导教材。全书通过道路运输安全生产专业技术的详细介绍, 使广大读者能熟练掌握该专业技术并综合运用安全生产法律、法规、标准和政策、安全生产理论和方法, 分析和解决安全生产实际问题。 | |
| 410 | 0 | @12001 @a全国中级注册安全工程师职业资格考试精品教材 |
| 517 | 1 | @a道路运输安全技术@Adao lu yun shu an quan ji shu |
| 606 | 0 | @a安全生产@Aan quan sheng chan@x资格考试@j教材 |
| 606 | 0 | @a公路运输@Agong lu yun shu@x交通运输安全@x安全生产@x资格考试@j教材 |
| 690 | @aX931@v5 | |
| 690 | @aU492.8@v5 | |
| 701 | 0 | @a张美香@Azhang mei xiang@4主编 |
| 712 | 02 | @a全国中级注册安全工程师职业资格考试用书编写组@Aquan guo zhong ji zhu ce an quan gong cheng shi zhi ye zi ge kao shi yong shu bian xie zu@4编 |
| 801 | 0 | @aCN@c20190905 |
| 905 | @a河南城建学院图书馆@dX931@eZ147-2 | |
| 安全生产专业实务.道路运输安全技术/全国中级注册安全工程师职业资格考试用书编写组编/主编张美香.-北京:中国市场出版社,2018.11 |
| 330页:图;26cm.-(全国中级注册安全工程师职业资格考试精品教材) |
| ISBN 978-7-5092-1691-0:CNY70.00 |
| 本书为全国中级注册安全工程师职业资格考试的必考科目《安全生产专业实务 —— 道路运输安全技术》的考试辅导教材。全书通过道路运输安全生产专业技术的详细介绍, 使广大读者能熟练掌握该专业技术并综合运用安全生产法律、法规、标准和政策、安全生产理论和方法, 分析和解决安全生产实际问题。 |
| ● |
| 相关链接 |
|
|
|
正题名:安全生产专业实务
索取号:X931/Z147-2
 
预约/预借
| 序号 | 登录号 | 条形码 | 馆藏地/架位号 | 状态 | 备注 |
| 1 | 1437530 | 214375308 | 自科库501/501自科库 122排1列4层/ [索取号:X931/Z147-2] | 在馆 | |
| 2 | 1437531 | 214375317 | 市政与环境工程学院资料室/501自科库 122排1列4层/ [索取号:X931/Z147-2] | 在馆 |